50 of the Best Fast Food Restaurants - Statistics

General Stats
  • This quiz has been taken 261 times
  • The average score is 18 of 50
Answer Stats
Category Restaurants % Correct
1. Burger MCDONALD'S
97%
7. Burger BURGER KING
91%
3. Sandwich SUBWAY
88%
11. Pizza PIZZA HUT
85%
9. Pizza DOMINO'S
82%
14. Chicken KFC
80%
6. Burger WENDY'S
75%
5. Chicken CHICK-FIL-A
70%
4. Global TACO BELL
67%
2. Snacks STARBUCKS
63%
21. Pizza PAPA JOHN'S
57%
20. Chicken POPEYES
54%
8. Snack DUNKIN'
52%
34. Burger IN N AND OUT
50%
15. Sandwich ARBY'S
48%
16. Pizza LITTLE CAESARS
46%
12. Global CHIPOTLE
45%
28. Burger CARL'S JR.
42%
24. Burger HARDEE'S
42%
17. Snack DAIRY QUEEN
41%
26. Burger FIVE GUYS
39%
32. Sandwich JERSEY MIKE'S
36%
19. Global PANDA EXPRESS
36%
13. Burger SONIC
35%
23. Sandwich JIMMY JOHN'S
33%
22. Burger WHATABURGER
33%
10. Sandwich PANERA
29%
36. Global QDOBA
26%
50. Burger WHITE CASTLE
26%
27. Burger CULVER'S
23%
25. Chicken ZAXBY'S
23%
38. Global DEL TACO
21%
30.Chicken WINGSTOP
19%
29. Chicken BOJANGLES'
18%
39. Sandwich FIRE HOUSE SUBS
18%
37. Burger CHECKERS
16%
35. Chicken EL POLLO LOCO
14%
41. Sandwich TIM HORTONS
14%
43. Global MOE'S
11%
48. Snack AUNTIE ANNE'S
8%
46. Pizza MARCO'S PIZZA
8%
40. Pizza PAPA MURPHY'S
8%
33. Burger STEAK 'N' SHAKE
8%
47. Snack BASKIN ROBINS
6%
49.Chicken BOSTON MARKET
5%
44. Sandwich MCALISTER'S DELI
4%
42. Chicken CHURCH' CHICKEN
3%
45. Sandwich JASON'S DELI
3%
18. Burger JACK IN BOX
1%
31. Chicken RASING CANE'S
1%
No matching quizzes found
Score Distribution
Percent of People with Each Score
Percentile by Number Answered
Your Score History
You have not taken this quiz